Library Banner

Main Nay Jamiat Say Kea Paya?(mis)(میں نے جمیعت سے کیا پایا؟) (Record no. 103569)

MARC details
000 -LEADER
fixed length control field 00476nam a22001457a 4500
005 - DATE AND TIME OF LATEST TRANSACTION
control field 20180221104845.0
008 - FIXED-LENGTH DATA ELEMENTS--GENERAL INFORMATION
fixed length control field 180221b xxu||||| |||| 00| 0 eng d
040 ## - CATALOGING SOURCE
Transcribing agency PK-LaUMT
082 ## - DEWEY DECIMAL CLASSIFICATION NUMBER
Classification number ZIAC 297.05
Item number KHU-M
100 ## - MAIN ENTRY--PERSONAL NAME
Personal name Khurram Ja Murad
245 ## - TITLE STATEMENT
Title Main Nay Jamiat Say Kea Paya?(mis)(میں نے جمیعت سے کیا پایا؟)
Statement of responsibility, etc Khurram Jah Murad and Khurshid Ahmed
260 ## - PUBLICATION, DISTRIBUTION, ETC. (IMPRINT)
Place of publication, distribution, etc لاہور:
Name of publisher, distributor, etc ادارہ مطبوعات طلبہ
Date of publication, distribution, etc 2004
300 ## - PHYSICAL DESCRIPTION
Extent 44
942 ## - ADDED ENTRY ELEMENTS (KOHA)
Koha item type Books
Holdings
Withdrawn status Lost status Damaged status Home library Current library Date acquired Full call number Barcode Date last seen Price effective from Koha item type
      UMT Main Campus UMT Main Campus 2018-02-21 ZIAC 297.05 KHU-M 119959 2018-02-21 2018-02-21 Books